[Event "Uppsala Young Champions 2016"]
[Site "Uppsala Schackcentrum, Sweden"]
[Date "2016.10.28"]
[Round "1.1"]
[White "Bit-Narva, David"]
[Black "Keinänen, Toivo"]
[Result "0-1"]
[BlackElo "2345"]
[WhiteElo "2019"]
[LiveChessVersion "1.4.8"]

1. e4 {[%clk 1:30:54]} e6 {[%clk 1:30:55]} 2. Nf3 {[%clk 1:31:18]} d5
{[%clk 1:30:41]} 3. e5 {[%clk 1:31:39]} c5 {[%clk 1:29:14]} 4. c3
{[%clk 1:32:01]} Nc6 {[%clk 1:24:45]} 5. Na3 {[%clk 1:31:51]} d4 {[%clk 1:18:32]}
6. Bd3 {[%clk 1:32:11]} Nge7 {[%clk 1:14:54]} 7. O-O {[%clk 1:30:41]} Ng6
{[%clk 1:14:50]} 8. Re1 {[%clk 1:30:52]} Be7 {[%clk 1:12:06]} 9. Nc2
{[%clk 1:26:07]} O-O {[%clk 1:05:54]} 10. b3 {[%clk 1:10:08]} Nf4
{[%clk 0:50:29]} 11. Bf1 {[%clk 1:07:18]} Qd7 {[%clk 0:43:47]} 12. cxd4
{[%clk 0:57:15]} cxd4 {[%clk 0:43:19]} 13. Re4 {[%clk 0:44:53]} Ng6
{[%clk 0:43:25]} 14. Ncxd4 {[%clk 0:43:02]} Ncxe5 {[%clk 0:40:09]} 15. Nxe5
{[%clk 0:28:15]} Nxe5 {[%clk 0:40:35]} 16. Bb2 {[%clk 0:22:25]} Ng6
{[%clk 0:39:16]} 17. Nf3 {[%clk 0:19:11]} b6 {[%clk 0:35:49]} 18. Rd4
{[%clk 0:17:35]} Qe8 {[%clk 0:32:56]} 19. Rg4 {[%clk 0:12:49]} Bb7
{[%clk 0:30:44]} 20. h4 {[%clk 0:10:44]} f5 {[%clk 0:30:24]} 21. Rc4
{[%clk 0:10:07]} Bf6 {[%clk 0:26:22]} 22. Bxf6 {[%clk 0:09:00]} Rxf6
{[%clk 0:26:52]} 23. Rc7 {[%clk 0:08:04]} Rf7 {[%clk 0:24:59]} 24. Rac1
{[%clk 0:06:04]} Bd5 {[%clk 0:24:18]} 25. Ng5 {[%clk 0:02:45]} Rxc7
{[%clk 0:23:17]} 26. Rxc7 {[%clk 0:03:12]} h6 {[%clk 0:21:21]} 27. Qa1
{[%clk 0:00:45]} e5 {[%clk 0:21:12]} 28. h5 {[%clk 0:00:48]} Nf4 {[%clk 0:19:01]}
29. Bb5 {[%clk 0:00:32]} Qxh5 {[%clk 0:14:34]} 30. Rxg7+ {[%clk 0:00:51]} Kxg7
{[%clk 0:14:08]} 31. Qxe5+ {[%clk 0:00:56]} Kg8 {[%clk 0:12:05]} 32. Qxf4
{[%clk 0:00:33]} Qxg5 {[%clk 0:12:22]} 0-1

[Event "Uppsala Young Champions 2016"]
[Site "Uppsala Schackcentrum, Sweden"]
[Date "2016.10.28"]
[Round "1.2"]
[White "Jogstad, Martin"]
[Black "Carlsson, Ludvig"]
[Result "1-0"]
[BlackElo "2013"]
[WhiteElo "2298"]
[LiveChessVersion "1.4.8"]

1. Nf3 {[%clk 1:30:57]} Nf6 {[%clk 1:30:36]} 2. c4 {[%clk 1:30:51]} c6
{[%clk 1:30:57]} 3. d4 {[%clk 1:30:06]} d5 {[%clk 1:31:20]} 4. g3
{[%clk 1:29:28]} g6 {[%clk 1:28:16]} 5. Bg2 {[%clk 1:29:26]} Bg7 {[%clk 1:28:40]}
6. O-O {[%clk 1:29:14]} O-O {[%clk 1:28:40]} 7. Nbd2 Ne4 {[%clk 1:15:53]} 8. e3
{[%clk 1:24:26]} Nxd2 {[%clk 1:10:16]} 9. Nxd2 {[%clk 1:22:27]} b6
{[%clk 1:08:38]} 10. Qb3 {[%clk 1:14:52]} Bb7 {[%clk 1:06:34]} 11. Rd1
{[%clk 1:13:15]} e6 {[%clk 0:59:35]} 12. Nb1 {[%clk 0:56:44]} Qe7
{[%clk 0:43:21]} 13. Bd2 {[%clk 0:48:44]} Na6 {[%clk 0:43:28]} 14. Nc3
{[%clk 0:45:40]} Rfd8 {[%clk 0:37:53]} 15. cxd5 {[%clk 0:44:17]} cxd5
{[%clk 0:38:17]} 16. Rdc1 {[%clk 0:37:16]} Rdc8 {[%clk 0:36:53]} 17. Nb5
{[%clk 0:35:36]} Bf8 {[%clk 0:34:18]} 18. Rxc8 {[%clk 0:31:22]} Bxc8
{[%clk 0:34:38]} 19. Rc1 {[%clk 0:30:35]} Qb7 {[%clk 0:25:48]} 20. Nc3
{[%clk 0:22:42]} Qd7 {[%clk 0:24:56]} 21. e4 {[%clk 0:19:49]} Bb7
{[%clk 0:25:14]} 22. exd5 {[%clk 0:19:08]} exd5 {[%clk 0:25:36]} 23. Bxd5
{[%clk 0:17:53]} Bxd5 {[%clk 0:24:29]} 24. Nxd5 {[%clk 0:16:06]} Bg7
{[%clk 0:24:51]} 25. Be3 {[%clk 0:14:25]} Rd8 {[%clk 0:24:52]} 26. Nb4
{[%clk 0:13:40]} Nxb4 {[%clk 0:21:14]} 27. Qxb4 {[%clk 0:14:04]} Qg4
{[%clk 0:21:37]} 28. Qe7 {[%clk 0:13:34]} Qd7 {[%clk 0:22:02]} 29. Qxd7
{[%clk 0:13:31]} 1-0

[Event "Uppsala Young Champions 2016"]
[Site "Uppsala Schackcentrum, Sweden"]
[Date "2016.10.28"]
[Round "1.3"]
[White "Cardenas, William"]
[Black "Johannesson, Oliver Aron"]
[Result "0-1"]
[BlackElo "2263"]
[WhiteElo "1986"]
[LiveChessVersion "1.4.8"]

1. d4 {[%clk 1:30:54]} Nf6 {[%clk 1:30:40]} 2. Nf3 {[%clk 1:31:13]} b6
{[%clk 1:30:27]} 3. c4 {[%clk 1:31:11]} Bb7 {[%clk 1:30:52]} 4. g3
{[%clk 1:31:21]} g6 {[%clk 1:31:17]} 5. Bg2 {[%clk 1:31:46]} Bg7 {[%clk 1:31:44]}
6. O-O {[%clk 1:32:10]} O-O {[%clk 1:32:10]} 7. Re1 {[%clk 1:32:35]} e6
{[%clk 1:30:05]} 8. Nc3 {[%clk 1:32:53]} Ne4 {[%clk 1:28:41]} 9. Nxe4
{[%clk 1:33:14]} Bxe4 {[%clk 1:29:07]} 10. Bg5 {[%clk 1:33:24]} Qc8
{[%clk 1:27:36]} 11. Qd2 {[%clk 1:29:55]} Qb7 {[%clk 1:14:06]} 12. Bh6
{[%clk 1:18:28]} d6 {[%clk 1:11:15]} 13. Rac1 {[%clk 1:14:10]} Nd7
{[%clk 1:10:15]} 14. Bxg7 {[%clk 1:13:54]} Kxg7 {[%clk 1:10:38]} 15. Qc3
{[%clk 1:13:33]} Kg8 {[%clk 1:09:59]} 16. Bh3 {[%clk 1:11:13]} c5
{[%clk 1:04:54]} 17. Nh4 {[%clk 0:58:08]} Rfd8 {[%clk 0:59:58]} 18. f3
{[%clk 0:57:26]} Bc6 {[%clk 0:59:49]} 19. e4 {[%clk 0:54:34]} cxd4
{[%clk 1:00:11]} 20. Qxd4 {[%clk 0:54:51]} a5 {[%clk 0:58:33]} 21. Ng2
{[%clk 0:52:25]} Nc5 {[%clk 0:53:54]} 22. Ne3 {[%clk 0:48:30]} Qe7
{[%clk 0:49:50]} 23. Red1 {[%clk 0:44:35]} h5 {[%clk 0:42:40]} 24. b3
{[%clk 0:38:20]} Rab8 {[%clk 0:36:29]} 25. Qc3 {[%clk 0:35:49]} Qg5
{[%clk 0:32:19]} 26. Bg2 {[%clk 0:27:08]} Qe5 {[%clk 0:29:52]} 27. Qxe5
{[%clk 0:22:55]} dxe5 {[%clk 0:28:43]} 28. Bf1 {[%clk 0:20:55]} Kf8
{[%clk 0:27:18]} 29. Kf2 {[%clk 0:19:50]} Ke7 {[%clk 0:27:33]} 30. Be2
{[%clk 0:17:54]} f5 {[%clk 0:20:51]} 31. exf5 {[%clk 0:17:25]} gxf5
{[%clk 0:20:55]} 32. Rxd8 {[%clk 0:14:15]} Rxd8 {[%clk 0:21:17]} 33. Rd1
{[%clk 0:14:37]} Rf8 {[%clk 0:20:25]} 34. Ng2 {[%clk 0:14:14]} f4
{[%clk 0:18:20]} 35. Nh4 {[%clk 0:10:07]} Rf6 {[%clk 0:12:46]} 36. gxf4 exf4
{[%clk 0:12:52]} 37. Rg1 {[%clk 0:06:38]} Be8 {[%clk 0:10:48]} 38. Rg5
{[%clk 0:05:43]} Bf7 {[%clk 0:10:35]} 39. Ke1 {[%clk 0:05:45]} Kd6
{[%clk 0:10:55]} 40. Kd2 {[%clk 0:05:44]} e5 {[%clk 0:09:52]} 41. Bd3
{[%clk 0:05:24]} Ne6 {[%clk 0:08:09]} 42. Rg2 {[%clk 0:02:34]} Be8
{[%clk 0:06:58]} 43. Rg8 {[%clk 0:01:02]} Rf8 {[%clk 0:03:53]} 44. Nf5+
{[%clk 0:01:11]} Kc5 {[%clk 0:03:11]} 45. Rxf8 {[%clk 0:01:20]} Nxf8
{[%clk 0:03:39]} 46. Kc3 {[%clk 0:00:58]} Ne6 {[%clk 0:01:34]} 47. a3
{[%clk 0:00:37]} Kc6 {[%clk 0:00:42]} 48. Be4+ {[%clk 0:00:58]} Kc7
{[%clk 0:01:08]} 49. Bd5 {[%clk 0:01:05]} Nf8 {[%clk 0:00:32]} 50. b4
{[%clk 0:01:04]} axb4+ {[%clk 0:00:59]} 51. axb4 {[%clk 0:01:32]} Bd7
{[%clk 0:01:03]} 52. Ng7 {[%clk 0:01:34]} h4 {[%clk 0:01:26]} 53. Nh5
{[%clk 0:01:34]} Nh7 {[%clk 0:01:38]} 54. b5 {[%clk 0:00:50]} Kd6
{[%clk 0:01:33]} 55. Kb4 {[%clk 0:00:36]} Bf5 {[%clk 0:00:34]} 56. Ng7
{[%clk 0:00:47]} Bd7 {[%clk 0:01:03]} 57. Nh5 {[%clk 0:01:03]} Bf5
{[%clk 0:01:27]} 58. Ng7 {[%clk 0:01:29]} Bd7 {[%clk 0:01:51]} 59. Nh5
{[%clk 0:01:56]} Be8 {[%clk 0:01:03]} 60. Ng7 {[%clk 0:01:39]} Bg6
{[%clk 0:01:16]} 61. Be6 {[%clk 0:00:33]} Ng5 {[%clk 0:01:04]} 62. Bg4
{[%clk 0:00:39]} e4 63. fxe4 {[%clk 0:00:40]} Bxe4 {[%clk 0:00:39]} 64. Nh5
{[%clk 0:00:45]} f3 {[%clk 0:00:40]} 65. Nf6 {[%clk 0:00:35]} Bd3
{[%clk 0:00:32]} 66. Nd5 {[%clk 0:00:35]} f2 {[%clk 0:00:38]} 67. Ne3
{[%clk 0:00:54]} f1=Q {[%clk 0:00:45]} 68. Nxf1 {[%clk 0:01:21]} Bxf1
{[%clk 0:01:09]} 69. c5+ {[%clk 0:00:34]} bxc5+ {[%clk 0:01:35]} 70. Ka5
{[%clk 0:00:58]} Kc7 {[%clk 0:01:15]} 71. Bf5 {[%clk 0:00:50]} Nf3
{[%clk 0:01:04]} 72. b6+ {[%clk 0:01:10]} Kb8 {[%clk 0:01:26]} 73. h3
{[%clk 0:01:21]} Ng5 {[%clk 0:01:27]} 74. Bg4 {[%clk 0:00:31]} Bxh3
{[%clk 0:01:49]} 0-1

[Event "Uppsala Young Champions 2016"]
[Site "Uppsala Schackcentrum, Sweden"]
[Date "2016.10.28"]
[Round "1.4"]
[White "Ragnarsson, Dagur"]
[Black "Björkman, Filip"]
[Result "1-0"]
[BlackElo "1976"]
[WhiteElo "2232"]
[LiveChessVersion "1.4.8"]

1. d4 {[%clk 1:30:57]} Nf6 {[%clk 1:30:53]} 2. Nf3 {[%clk 1:31:22]} g6
{[%clk 1:31:15]} 3. g3 {[%clk 1:31:47]} Bg7 {[%clk 1:31:11]} 4. c4
{[%clk 1:32:11]} d5 {[%clk 1:31:31]} 5. cxd5 {[%clk 1:32:36]} Nxd5
{[%clk 1:31:55]} 6. Bg2 {[%clk 1:33:02]} O-O {[%clk 1:30:27]} 7. O-O
{[%clk 1:33:13]} c6 {[%clk 1:28:53]} 8. e3 {[%clk 1:28:11]} Nd7 {[%clk 1:22:03]}
9. Qe2 {[%clk 1:28:32]} e5 {[%clk 1:21:37]} 10. Rd1 {[%clk 1:28:52]} exd4
{[%clk 1:17:02]} 11. Nxd4 {[%clk 1:29:14]} Qe7 {[%clk 1:16:48]} 12. e4
{[%clk 1:23:22]} Nc7 {[%clk 1:09:02]} 13. Nc3 {[%clk 1:21:38]} Nb6
{[%clk 1:07:31]} 14. Bf4 {[%clk 1:13:11]} Rd8 {[%clk 1:03:35]} 15. Nb3
{[%clk 1:09:27]} Be6 {[%clk 0:54:48]} 16. Qc2 {[%clk 0:53:57]} Na6
{[%clk 0:46:23]} 17. a3 {[%clk 0:54:12]} Nc4 {[%clk 0:35:22]} 18. Rxd8+
{[%clk 0:44:33]} Rxd8 {[%clk 0:35:49]} 19. h4 {[%clk 0:39:13]} h6
{[%clk 0:29:50]} 20. Rd1 {[%clk 0:38:31]} Rxd1+ {[%clk 0:29:43]} 21. Nxd1
{[%clk 0:38:56]} Nxa3 {[%clk 0:22:05]} 22. bxa3 {[%clk 0:39:19]} Qxa3
{[%clk 0:22:31]} 23. Nc1 {[%clk 0:38:10]} Nb4 {[%clk 0:21:44]} 24. Qd2
{[%clk 0:38:31]} a5 {[%clk 0:20:37]} 25. e5 {[%clk 0:33:23]} Nd5 {[%clk 0:20:12]}
26. Bxd5 {[%clk 0:33:23]} Bxd5 {[%clk 0:20:26]} 27. Nc3 {[%clk 0:33:41]} Qc5
{[%clk 0:19:10]} 28. Be3 {[%clk 0:31:18]} Qc4 {[%clk 0:19:00]} 29. Nxd5
{[%clk 0:31:41]} Qxd5 {[%clk 0:18:40]} 30. Qxd5 {[%clk 0:31:52]} cxd5
{[%clk 0:19:09]} 31. Bd4 {[%clk 0:31:29]} Kf8 {[%clk 0:17:35]} 32. Kf1
{[%clk 0:26:42]} Ke7 {[%clk 0:17:56]} 33. Ke2 {[%clk 0:26:56]} Ke6
{[%clk 0:18:16]} 34. Nd3 {[%clk 0:27:19]} Bf8 {[%clk 0:11:59]} 35. Nf4+
{[%clk 0:27:24]} Kf5 {[%clk 0:12:27]} 36. Kf3 {[%clk 0:25:25]} h5
{[%clk 0:12:14]} 37. Nxd5 {[%clk 0:25:49]} b5 {[%clk 0:12:13]} 38. Nc3
{[%clk 0:24:55]} b4 {[%clk 0:11:37]} 39. Na4 {[%clk 0:25:19]} b3 {[%clk 0:11:57]}
40. Ke3 {[%clk 0:23:50]} Bg7 {[%clk 0:10:05]} 41. f4 {[%clk 0:22:13]} f6
{[%clk 0:09:48]} 42. exf6 {[%clk 0:20:49]} Bxf6 {[%clk 0:10:02]} 43. Bxf6
{[%clk 0:21:09]} Kxf6 {[%clk 0:10:31]} 44. Ke4 {[%clk 0:21:31]} Ke6
{[%clk 0:02:57]} 45. Nc5+ {[%clk 0:21:54]} Kd6 {[%clk 0:03:27]} 46. Nxb3
{[%clk 0:22:13]} a4 {[%clk 0:03:56]} 47. Na1 {[%clk 0:22:25]} Kc5
{[%clk 0:04:20]} 48. f5 {[%clk 0:22:08]} gxf5+ {[%clk 0:04:34]} 49. Kxf5
{[%clk 0:22:33]} Kc4 {[%clk 0:04:56]} 50. Kg5 {[%clk 0:22:50]} Kc3
{[%clk 0:05:18]} 51. Kxh5 {[%clk 0:23:16]} Kb2 {[%clk 0:05:40]} 52. g4
{[%clk 0:23:40]} Kxa1 {[%clk 0:05:52]} 53. g5 {[%clk 0:24:05]} Kb1
{[%clk 0:05:29]} 54. g6 {[%clk 0:24:31]} 1-0

[Event "Uppsala Young Champions 2016"]
[Site "Uppsala Schackcentrum, Sweden"]
[Date "2016.10.28"]
[Round "1.5"]
[White "Emmoth, Alfons"]
[Black "Tuomainen, Felix"]
[Result "1/2-1/2"]
[BlackElo "2198"]
[WhiteElo "1899"]
[LiveChessVersion "1.4.8"]

1. d4 {[%clk 1:30:58]} Nf6 {[%clk 1:30:43]} 2. c4 {[%clk 1:31:14]} e6
{[%clk 1:31:00]} 3. Nf3 {[%clk 1:30:58]} Bb4+ {[%clk 1:30:39]} 4. Bd2
{[%clk 1:30:58]} Qe7 {[%clk 1:30:44]} 5. g3 {[%clk 1:30:29]} Nc6 {[%clk 1:30:46]}
6. Bg2 {[%clk 1:27:41]} a5 {[%clk 1:30:59]} 7. O-O {[%clk 1:25:42]} O-O
{[%clk 1:30:54]} 8. Bg5 {[%clk 1:19:31]} h6 {[%clk 1:29:07]} 9. Bc1
{[%clk 1:13:13]} Qd8 {[%clk 1:18:03]} 10. c5 {[%clk 1:03:42]} a4 {[%clk 1:06:53]}
11. a3 {[%clk 1:00:33]} Ba5 {[%clk 1:07:18]} 12. Qxa4 {[%clk 0:59:56]} b5
{[%clk 0:59:49]} 13. cxb6 {[%clk 0:55:20]} cxb6 {[%clk 0:59:22]} 14. Ne5
{[%clk 0:50:33]} Bb7 {[%clk 0:53:43]} 15. Nxc6 {[%clk 0:41:21]} dxc6
{[%clk 0:53:36]} 16. b4 {[%clk 0:40:26]} b5 {[%clk 0:45:55]} 17. Qb3
{[%clk 0:40:27]} Bb6 {[%clk 0:45:41]} 18. Bb2 {[%clk 0:37:31]} Qd7
{[%clk 0:42:14]} 19. Rd1 {[%clk 0:35:02]} Rfd8 {[%clk 0:41:54]} 20. Nd2
{[%clk 0:32:11]} Rac8 {[%clk 0:36:45]} 21. Nf3 {[%clk 0:29:43]} Qd5
{[%clk 0:36:21]} 22. Qc2 {[%clk 0:28:22]} Qf5 {[%clk 0:35:09]} 23. Ne1
{[%clk 0:22:41]} Qxc2 24. Nxc2 {[%clk 0:23:00]} Rc7 {[%clk 0:32:54]} 25. Kf1
{[%clk 0:21:18]} Rcd7 {[%clk 0:33:14]} 26. Ke1 {[%clk 0:21:12]} Ne8
{[%clk 0:29:23]} 27. e3 {[%clk 0:19:42]} Nd6 {[%clk 0:29:23]} 28. Bf1
{[%clk 0:19:15]} Ne4 {[%clk 0:28:48]} 29. f3 {[%clk 0:17:36]} Ng5
{[%clk 0:28:27]} 30. Be2 {[%clk 0:15:10]} f6 {[%clk 0:28:24]} 31. Rac1
{[%clk 0:14:15]} Nf7 {[%clk 0:28:05]} 32. Na1 {[%clk 0:12:30]} e5
{[%clk 0:28:18]} 33. Nb3 {[%clk 0:12:41]} exd4 {[%clk 0:28:02]} 34. Bxd4
{[%clk 0:12:43]} Bxd4 {[%clk 0:27:56]} 35. Nxd4 {[%clk 0:12:42]} Rd6
{[%clk 0:27:28]} 36. Rc3 {[%clk 0:12:32]} Ra8 {[%clk 0:25:39]} 37. Rdc1
{[%clk 0:12:56]} Ne5 {[%clk 0:26:01]} 38. f4 {[%clk 0:12:32]} Nc4
{[%clk 0:26:24]} 39. Bxc4+ {[%clk 0:10:31]} bxc4 {[%clk 0:26:51]} 40. Nc2
{[%clk 0:10:32]} Ba6 {[%clk 0:26:43]} 41. a4 {[%clk 0:10:05]} Rb8
{[%clk 0:26:10]} 42. Rb1 {[%clk 0:08:49]} Re8 {[%clk 0:24:35]} 43. b5
{[%clk 0:06:47]} cxb5 {[%clk 0:24:57]} 44. axb5 {[%clk 0:06:55]} Bb7
{[%clk 0:23:53]} 45. Rxc4 {[%clk 0:06:56]} Be4 {[%clk 0:23:58]} 46. b6
{[%clk 0:06:14]} f5 {[%clk 0:19:57]} 47. Rbb4 {[%clk 0:04:24]} Rb8
{[%clk 0:17:43]} 48. b7 {[%clk 0:04:52]} Bxb7 {[%clk 0:17:42]} 49. Rc7
{[%clk 0:05:01]} Rbd8 {[%clk 0:17:56]} 50. Nd4 {[%clk 0:04:41]} Be4
{[%clk 0:18:15]} 51. Ra4 {[%clk 0:04:29]} R6d7 {[%clk 0:16:36]} 52. Raa7
{[%clk 0:04:31]} Rxc7 {[%clk 0:16:05]} 53. Rxc7 {[%clk 0:05:00]} Rb8
{[%clk 0:16:07]} 54. Ne6 {[%clk 0:05:18]} Rb1+ {[%clk 0:15:13]} 55. Kd2
{[%clk 0:05:46]} Rb2+ {[%clk 0:15:28]} 56. Kc3 {[%clk 0:06:12]} Rc2+
{[%clk 0:15:14]} 57. Kd4 {[%clk 0:06:24]} Rd2+ {[%clk 0:15:03]} 58. Kc5
{[%clk 0:06:42]} Rc2+ {[%clk 0:14:34]} 59. Kd6 {[%clk 0:06:42]} Rxc7
{[%clk 0:14:50]} 60. Nxc7 {[%clk 0:07:02]} Kf7 {[%clk 0:14:59]} 61. Ke5
{[%clk 0:07:08]} Bc2 {[%clk 0:14:33]} 62. Nb5 {[%clk 0:07:27]} g6
{[%clk 0:14:39]} 63. Nd6+ {[%clk 0:07:01]} Ke7 {[%clk 0:14:30]} 64. h3
{[%clk 0:07:13]} h5 {[%clk 0:14:30]} 65. Nc4 {[%clk 0:07:16]} Bd3
{[%clk 0:13:57]} 66. Nd2 {[%clk 0:07:43]} Bc2 {[%clk 0:13:21]} 67. Nf3
{[%clk 0:07:34]} Bd3 {[%clk 0:12:46]} 68. Nh4 {[%clk 0:07:50]} Kf7
{[%clk 0:12:59]} 69. Nf3 {[%clk 0:07:42]} Ke7 {[%clk 0:13:12]} 70. Nd4
{[%clk 0:07:34]} Bf1 {[%clk 0:12:58]} 71. h4 {[%clk 0:07:33]} Bg2
{[%clk 0:12:48]} 72. Ne6 {[%clk 0:07:31]} Bf1 {[%clk 0:12:44]} 73. Ng5
{[%clk 0:07:39]} Be2 {[%clk 0:12:35]} 74. e4 {[%clk 0:07:58]} fxe4
{[%clk 0:12:59]} 75. Nxe4 {[%clk 0:08:21]} Bg4 {[%clk 0:12:56]} 76. Nf6
{[%clk 0:08:29]} Be6 {[%clk 0:12:19]} 77. Ne4 {[%clk 0:08:26]} Bg4
{[%clk 0:12:04]} 78. Nd2 {[%clk 0:08:42]} Be6 {[%clk 0:11:57]} 79. Nf1
{[%clk 0:09:08]} Kf7 {[%clk 0:11:51]} 80. Ne3 {[%clk 0:09:23]} Bd7
{[%clk 0:11:39]} 81. f5 {[%clk 0:09:02]} gxf5 {[%clk 0:12:02]} 82. Nxf5
{[%clk 0:09:24]} Kg6 {[%clk 0:12:12]} 83. Ne7+ {[%clk 0:09:47]} Kf7
{[%clk 0:12:17]} 84. Nd5 {[%clk 0:10:04]} Kg6 {[%clk 0:12:27]} 85. Nf4+
{[%clk 0:10:20]} Kh6 {[%clk 0:12:53]} 86. Kf6 {[%clk 0:10:41]} Bg4
{[%clk 0:12:27]} 87. Ng6 {[%clk 0:10:55]} Bf3 {[%clk 0:12:10]} 88. Ne7
{[%clk 0:11:08]} Be2 {[%clk 0:11:52]} 89. Nf5+ {[%clk 0:11:31]} Kh7
{[%clk 0:12:19]} 90. Kg5 {[%clk 0:11:55]} Bg4 {[%clk 0:12:44]} 91. Ne3
{[%clk 0:12:11]} Bf3 {[%clk 0:13:02]} 92. Nc4 {[%clk 0:12:02]} Be2
{[%clk 0:13:19]} 93. Ne5 {[%clk 0:12:22]} Bd1 {[%clk 0:13:36]} 94. Ng6
{[%clk 0:12:43]} Bb3 {[%clk 0:13:43]} 95. Nf4 {[%clk 0:13:06]} Bd1
{[%clk 0:13:49]} 96. Nxh5 {[%clk 0:13:26]} Be2 {[%clk 0:14:05]} 97. Kf6
{[%clk 0:11:16]} Bxh5 {[%clk 0:14:31]} 1/2-1/2

[Event "Uppsala Young Champions 2016"]
[Site "Uppsala Schackcentrum, Sweden"]
[Date "2016.10.28"]
[Round "1.6"]
[White "Stefansson, Vignir Vatnar"]
[Black "Aira, Leonardo"]
[Result "1-0"]
[BlackElo "1861"]
[WhiteElo "2163"]
[LiveChessVersion "1.4.8"]

1. d4 {[%clk 1:30:30]} d5 {[%clk 1:30:30]} 2. c4 {[%clk 1:30:30]} e6
{[%clk 1:30:30]} 3. Nf3 {[%clk 1:30:49]} Be7 {[%clk 1:30:44]} 4. e3
{[%clk 1:30:58]} Nf6 {[%clk 1:30:33]} 5. Bd3 {[%clk 1:31:20]} O-O
{[%clk 1:29:53]} 6. O-O {[%clk 1:31:44]} c5 {[%clk 1:27:22]} 7. b3
{[%clk 1:32:02]} Nc6 {[%clk 1:26:10]} 8. Bb2 {[%clk 1:32:23]} Nb4
{[%clk 1:20:13]} 9. cxd5 {[%clk 1:27:35]} exd5 {[%clk 1:17:37]} 10. dxc5
{[%clk 1:27:41]} Bxc5 {[%clk 1:04:40]} 11. Be2 {[%clk 1:20:24]} Bf5
{[%clk 0:57:44]} 12. Ne1 {[%clk 1:11:58]} Qe7 {[%clk 0:48:09]} 13. a3
{[%clk 1:11:56]} Nc6 {[%clk 0:48:27]} 14. b4 {[%clk 1:11:19]} Bd6
{[%clk 0:42:10]} 15. Nf3 {[%clk 1:10:24]} Rad8 {[%clk 0:38:41]} 16. Nbd2
{[%clk 1:09:49]} Bb8 {[%clk 0:33:25]} 17. Nb3 {[%clk 1:10:02]} Ne5
{[%clk 0:32:34]} 18. Nxe5 {[%clk 0:59:47]} Bxe5 {[%clk 0:32:35]} 19. Nd4
{[%clk 1:00:06]} Bxd4 20. Qxd4 {[%clk 1:00:05]} b6 {[%clk 0:19:55]} 21. Rac1
{[%clk 1:00:15]} Qe4 {[%clk 0:16:42]} 22. Qd1 {[%clk 0:55:34]} Qe6
{[%clk 0:13:13]} 23. Bf3 {[%clk 0:53:49]} Be4 {[%clk 0:12:10]} 24. Be2
{[%clk 0:53:12]} Bf5 {[%clk 0:11:26]} 25. Ba6 {[%clk 0:53:17]} Nd7
{[%clk 0:08:38]} 26. Rc7 {[%clk 0:51:52]} Ne5 {[%clk 0:07:42]} 27. Rxa7
{[%clk 0:50:04]} Nc4 {[%clk 0:04:23]} 28. Qd4 {[%clk 0:48:09]} Nxb2
{[%clk 0:04:33]} 29. Qxb2 {[%clk 0:48:31]} Ra8 {[%clk 0:03:40]} 30. Rxa8
{[%clk 0:48:46]} Rxa8 {[%clk 0:04:05]} 31. Bb5 {[%clk 0:49:07]} Rc8
{[%clk 0:03:04]} 32. Rc1 {[%clk 0:48:08]} Rxc1+ {[%clk 0:02:11]} 33. Qxc1
{[%clk 0:48:33]} Qe5 {[%clk 0:01:28]} 34. a4 {[%clk 0:47:45]} h6 {[%clk 0:01:44]}
35. h3 {[%clk 0:47:42]} d4 {[%clk 0:01:36]} 36. Qb2 {[%clk 0:47:54]} Qc7
{[%clk 0:01:01]} 37. Qxd4 {[%clk 0:48:14]} Be6 {[%clk 0:01:10]} 38. Qd2
{[%clk 0:48:11]} Kf8 {[%clk 0:01:09]} 39. a5 {[%clk 0:48:30]} Ke7
{[%clk 0:00:45]} 40. a6 {[%clk 0:48:20]} g6 {[%clk 0:00:38]} 41. e4
{[%clk 0:47:45]} g5 {[%clk 0:01:02]} 42. Bf1 {[%clk 0:47:27]} f6 {[%clk 0:00:57]}
43. Qd1 {[%clk 0:47:30]} Kf7 {[%clk 0:01:00]} 44. Qa4 {[%clk 0:47:50]} Bd7
{[%clk 0:00:50]} 45. b5 {[%clk 0:47:54]} Qa7 {[%clk 0:01:12]} 46. Qd4
{[%clk 0:48:17]} Be6 {[%clk 0:00:49]} 47. Bc4 {[%clk 0:48:38]} Bxc4
{[%clk 0:01:10]} 48. Qxc4+ {[%clk 0:49:07]} Ke7 {[%clk 0:01:13]} 49. Qc6
{[%clk 0:49:36]} 1-0

[Event "Uppsala Young Champions 2016"]
[Site "Uppsala Schackcentrum, Sweden"]
[Date "2016.10.28"]
[Round "1.7"]
[White "Bannout, Edvin"]
[Black "Storme, Isak"]
[Result "0-1"]
[BlackElo "2153"]
[WhiteElo "1818"]
[LiveChessVersion "1.4.8"]

1. e4 {[%clk 1:30:56]} c5 {[%clk 1:30:53]} 2. Nf3 {[%clk 1:31:21]} d6
{[%clk 1:31:19]} 3. c3 {[%clk 1:31:40]} Nf6 {[%clk 1:31:42]} 4. Be2
{[%clk 1:32:04]} g6 {[%clk 1:30:38]} 5. O-O {[%clk 1:32:12]} Bg7 {[%clk 1:30:56]}
6. Re1 {[%clk 1:31:48]} O-O {[%clk 1:30:53]} 7. Bf1 {[%clk 1:31:49]} Bg4
{[%clk 1:26:37]} 8. d3 {[%clk 1:25:44]} Nc6 {[%clk 1:26:48]} 9. Nbd2
{[%clk 1:23:08]} d5 {[%clk 1:19:54]} 10. exd5 {[%clk 1:15:02]} Nxd5
{[%clk 1:18:55]} 11. h3 {[%clk 1:13:18]} Bxf3 {[%clk 1:15:31]} 12. Nxf3
{[%clk 1:11:32]} Nxc3 {[%clk 1:03:50]} 13. bxc3 {[%clk 1:08:19]} Bxc3
{[%clk 1:04:07]} 14. Bh6 {[%clk 0:59:22]} Re8 {[%clk 1:02:38]} 15. Re4
{[%clk 0:52:33]} Bxa1 {[%clk 1:01:24]} 16. Qxa1 {[%clk 0:52:39]} f6
{[%clk 1:00:31]} 17. d4 {[%clk 0:46:02]} Qd5 {[%clk 0:56:50]} 18. Nd2
{[%clk 0:42:31]} Qh5 {[%clk 0:56:20]} 19. Bc4+ {[%clk 0:26:28]} Kh8
{[%clk 0:56:23]} 20. Be3 {[%clk 0:24:52]} cxd4 {[%clk 0:56:03]} 21. Bxd4
{[%clk 0:23:40]} Nxd4 {[%clk 0:55:19]} 22. Rxd4 {[%clk 0:23:30]} Red8
{[%clk 0:54:47]} 23. Nf3 {[%clk 0:17:48]} Qc5 {[%clk 0:52:23]} 24. Qd1
{[%clk 0:08:01]} Rxd4 {[%clk 0:51:34]} 25. Qxd4 {[%clk 0:08:21]} Qxd4 26. Nxd4
{[%clk 0:08:47]} e5 {[%clk 0:50:32]} 27. Ne2 {[%clk 0:07:45]} Rc8
{[%clk 0:49:01]} 28. Bd5 {[%clk 0:05:42]} b5 {[%clk 0:49:16]} 29. f3
{[%clk 0:06:03]} a5 {[%clk 0:47:10]} 30. Kf2 {[%clk 0:06:09]} Rd8
{[%clk 0:46:36]} 31. Bc6 {[%clk 0:03:54]} Rd2 {[%clk 0:46:59]} 32. a3
{[%clk 0:03:39]} Ra2 {[%clk 0:43:41]} 33. Bxb5 {[%clk 0:03:46]} Rxa3
{[%clk 0:44:06]} 34. Ke1 {[%clk 0:02:17]} a4 {[%clk 0:43:21]} 35. Kd2
{[%clk 0:02:26]} Ra2+ {[%clk 0:43:09]} 36. Kd3 {[%clk 0:02:01]} a3
{[%clk 0:41:54]} 37. Bc4 {[%clk 0:01:07]} Rb2 {[%clk 0:41:00]} 38. Kc3
{[%clk 0:01:16]} f5 {[%clk 0:40:39]} 39. g4 {[%clk 0:01:07]} fxg4
{[%clk 0:39:37]} 40. fxg4 {[%clk 0:00:51]} e4 {[%clk 0:38:44]} 41. g5
{[%clk 0:01:05]} e3 {[%clk 0:38:34]} 42. h4 {[%clk 0:00:54]} Rd2 {[%clk 0:37:23]}
43. Nc1 {[%clk 0:00:40]} Kg7 {[%clk 0:36:53]} 44. Kb3 {[%clk 0:00:33]} a2
{[%clk 0:36:39]} 45. Nxa2 {[%clk 0:00:56]} e2 {[%clk 0:36:55]} 46. Bxe2
{[%clk 0:00:44]} Rxe2 {[%clk 0:37:17]} 47. Nc3 {[%clk 0:01:00]} Rh2
{[%clk 0:37:33]} 48. Kc4 {[%clk 0:01:24]} Rxh4+ {[%clk 0:37:56]} 49. Kd3
{[%clk 0:01:48]} Rh3+ {[%clk 0:37:45]} 50. Kd2 {[%clk 0:02:09]} Rxc3
{[%clk 0:36:28]} 51. Kxc3 {[%clk 0:02:32]} h6 {[%clk 0:36:46]} 52. gxh6+
{[%clk 0:02:49]} Kxh6 {[%clk 0:37:09]} 53. Kd3 {[%clk 0:03:02]} Kg5
{[%clk 0:37:25]} 54. Ke3 {[%clk 0:03:12]} Kg4 {[%clk 0:37:48]} 55. Kf2
{[%clk 0:02:52]} Kh3 {[%clk 0:38:07]} 56. Kg1 {[%clk 0:02:48]} Kg3
{[%clk 0:38:30]} 57. Kh1 {[%clk 0:03:03]} g5 {[%clk 0:38:47]} 0-1